LEADER 01254nam a2200301 i 4500 001 000000145100 003 CaOOAMICUS 005 20051116000000.0 008 051116s1985 it u000 u ita u 013 $a120492 020 $a88-15-00816-0 040 $aSeMil$bita 100 1 $aParker, Geoffrey,$d<1943- >.$0(OLS)http://semarc/name/57882 245 13$aUn solo re, un solo impero :$bFilippo 2. di Spagna /$cGeoffrey Parker. 260 $aBologna :$bIl Mulino,$ccopyr. 1985. 300 $a265 p. ;$c22 cm. 490 0 $aBiblioteca storica 500 $aContiene : Fonti e bibliografia. - Fondo Ciprandi. 600 04$aFilippo II : di Spagna .$0(OLS)http://semarc/subject/4075 650 4$aSpagna - Storia - Sec. 16.$0(OLS)http://semarc/subject/28395 830 0$aBiblioteca storica.$0(OLS)http://semarc/title/9383 850 $aSeMil 852 $aSeMil$W1$xVenegono$y1$m3U II 465$j97922$B97922$CSeMilBibl$Z2$F105775 $81 941 1 $a1 961 $aOmaggio: Ciprandi dott. Paolo 996 $6020$a88-15-00816-0$9(OLS)http://semarc/number/133515 996 $6245$aUn solo re, un solo impero :$bFilippo 2. di Spagna$9(OLS)http://semarc/title/212227 996 $6260$aBologna :$bIl Mulino$9(OLS)http://semarc/publisher/29842 LEADER 00968nam a2200217 i 4500 001 000000225055 003 CaOOAMICUS 005 20131119000000.0 008 131119s1738 xx u000 u fre u 013 $a203953 026 $ae-om ntn- c.m- *Fvo (3) 1738 (R) 040 $aSeMil$bita 245 10$aDepuis la 31., jusqu'a la 60. 300 $a[16], 267, [1] p. 500 $aSegn. : *8 A-Q8 R-S4. 773 0 $aArgens, Jean-Baptiste : de Boyer $tLettres juives, ou Correspondance philosophique, historique & critique, entre un juif voyageur a Paris, & ses correspondans en divers endroits. Tome 1. [-7.].$bNouvelle edition$dA Lausanne & à Geneve : Chez Marc-Michel Bousquet, & Compagnie, 1738-1739.$g2$w()11663 850 $aSeMil 852 $aSeMil$W1$xVenegono$y1$m2Q IV 51 FA$j175401$B175401$CSeMilBibl$Z2$F185371 $8I 941 1 $a10 961 $aRecupero: Mantegazza 996 $6245$aDepuis la 31., jusqu'a la 60$9(OLS)http://semarc/title/322421